000 01833cam a2200409 a 4500
001 EDZ0000067564
003 StDuBDS
005 20161031105201.0
006 m||||||||d||||||||
007 cr |||||||||||
008 120405s2004 enk fo| 001|0|eng d
020 _a9781446215463 (ebook) :
_cNo price
040 _aStDuBDS
_beng
_cStDuBDS
_epn
049 _aAlfaisal Main Library
050 0 _aLB1632
_b.H39 2004
082 0 4 _a428.0071241
_223
100 1 _aHaworth, Avril.
245 1 0 _aSecondary English and literacy
_h[electronic resource] :
_ba guide for teachers /
_cAvril Haworth, Christopher Turner and Margaret Whiteley.
260 _aLondon :
_bPaul Chapman,
_c2004.
300 _a1 online resource (xiv, 178 p.).
490 1 _aEffective professional practice
504 _aIncludes bibliographical references and index.
520 8 _aWritten by a team of experienced authors, this volume encourages teachers to become the best kind of secondary English teacher. The ideas presented in the book are based upon theory and an understanding of the essential nature of language and texts derived from research findings.
521 _aSpecialized.
588 _aDescription based on print version record.
650 0 _aEnglish language
_xStudy and teaching (Secondary)
_zGreat Britain.
650 0 _aEnglish literature
_xStudy and teaching (Secondary)
_zGreat Britain.
650 0 _aLiteracy
_xStudy and teaching (Secondary)
_zGreat Britain.
655 7 _aElectronic books.
_2local
700 1 _aTurner, Christopher.
700 1 _aWhiteley, Margaret.
710 2 _aSage eBooks
776 0 8 _iPrint version :
_z9780761942818
830 0 _aEffective professional practice.
856 4 0 _uhttp://ezproxy.alfaisal.edu/login?url=http://sk.sagepub.com/books/secondary-english-and-literacy
942 _2lcc
_cEBOOKS
999 _c481177
_d481177